[Event "5. Nord-West-Cup"]
[Site "?"]
[Date "2003.??.??"]
[Round "4"]
[White "Titze, Karsten"]
[Black "Eickelkamp, Jan"]
[Result "0-1"]
[WhiteElo "1940"]
[BlackElo "1572"]
[PlyCount "72"]

1. Nc3 Nf6 2. d4 d5 3. Bg5 e6 4. f3 h6 5. Bh4 Bb4 6. Qd3 O-O 7. O-O-O Nbd7 8.
g4 c5 9. a3 cxd4 10. Nxd5 Bc5 11. Nxf6+ Nxf6 12. e4 e5 13. Bh3 g5 14. Bg3 Bd6
15. Bg2 Be6 16. h4 Nh7 17. Ne2 Rc8 18. hxg5 hxg5 19. Nxd4 exd4 20. e5 f5 21.
exf6 Rf7 22. Qg6+ Kh8 23. Bxd6 Qxd6 24. Rh6 Bb3 25. Qg7+ Rxg7 26. fxg7+ Kxg7
27. Rxd6 Rxc2+ 28. Kb1 Rxg2 29. Rh1 Kf8 30. Rc1 Rf2 31. Rh6 Kg7 32. Rhh1 d3 33.
Rc7+ Kf6 34. Rcxh7 d2 35. R1h6+ Ke5 36. Re7+ Kf4 0-1

[Event "5. Nord-West-Cup"]
[Site "?"]
[Date "2003.??.??"]
[Round "4"]
[White "Marschall, Norbert"]
[Black "Mader, Sascha"]
[Result "0-1"]
[WhiteElo "1560"]
[BlackElo "1907"]
[PlyCount "82"]

1. Nc3 d5 2. d4 Nf6 3. Bg5 Bf5 4. f3 Nbd7 5. e3 h6 6. Bh4 e6 7. Bd3 Bxd3 8.
Qxd3 c5 9. Nge2 Rc8 10. O-O Be7 11. Rfe1 O-O 12. Kh1 a6 13. Bf2 b5 14. a3 Nb6
15. e4 dxe4 16. fxe4 Ng4 17. Bg1 cxd4 18. Bxd4 e5 19. Bg1 Qxd3 20. cxd3 Bc5 21.
Bxc5 Rxc5 22. Kg1 Rd8 23. Nc1 Rc6 24. h3 Nf6 25. Re3 Nfd7 26. Nb3 Nf8 27. Rd1
Ne6 28. Ne2 Na4 29. Rd2 g6 30. Kf2 Kg7 31. g3 Kf6 32. d4 exd4 33. e5+ Ke7 34.
Nexd4 Rcc8 35. h4 Nxb2 36. Rxb2 Nxd4 37. Nxd4 Rxd4 38. Rbe2 Ke6 39. Kf3 Rc5 40.
g4 Rcc4 41. Rg2 Rf4+ 0-1

[Event "5. Nord-West-Cup"]
[Site "?"]
[Date "2003.??.??"]
[Round "4"]
[White "Carstens, Manfred"]
[Black "Ströcker, Uwe"]
[Result "1-0"]
[WhiteElo "1669"]
[BlackElo "1452"]
[PlyCount "44"]

1. Nf3 g6 2. e4 Bg7 3. d4 d6 4. Be3 Nf6 5. Nc3 a6 6. h3 b5 7. a3 Bb7 8. Bd3 O-O
9. Qd2 Re8 10. Bh6 Bh8 11. Ng5 c5 12. f4 cxd4 13. Ne2 e5 14. Ng3 d5 15. O-O-O
dxe4 16. N5xe4 Nxe4 17. Nxe4 f5 18. Ng5 e4 19. g4 e3 20. Qb4 Bxh1 21. Rxh1 Bg7
22. Qb3+ Kh8 1-0

[Event "5. Nord-West-Cup"]
[Site "?"]
[Date "2003.??.??"]
[Round "4"]
[White "van Hove, Ode"]
[Black "Christophers, Reinhard"]
[Result "0-1"]
[WhiteElo "1438"]
[BlackElo "1575"]
[PlyCount "68"]

1. e4 Nf6 2. e5 Nd5 3. c4 Nb6 4. c5 Nd5 5. Bc4 c6 6. Nc3 d6 7. Nxd5 cxd5 8.
Bxd5 e6 9. Bb3 dxe5 10. Qg4 Qc7 11. Nf3 f5 12. Qc4 Qxc5 13. Ng5 Qxc4 14. Bxc4
Ke7 15. O-O h6 16. Nf3 e4 17. Nd4 Nc6 18. Nxc6+ bxc6 19. f3 exf3 20. Rxf3 e5
21. d3 Kf6 22. Bd2 Bc5+ 23. Kh1 Bd4 24. Rb1 c5 25. Rff1 Rb8 26. b4 Be6 27. Bxe6
Kxe6 28. bxc5 Bxc5 29. Rfc1 Kd5 30. Bc3 Rhc8 31. Ba1 Bd4 32. Bxd4 Rxc1+ 33.
Rxc1 Kxd4 34. Rd1 Rb2 0-1

[Event "5. Nord-West-Cup"]
[Site "?"]
[Date "2003.??.??"]
[Round "4"]
[White "Meyer, Peter"]
[Black "Bolduan, Albrecht"]
[Result "1-0"]
[WhiteElo "1541"]
[BlackElo "1406"]
[PlyCount "47"]

1. d4 d5 2. Bf4 Bf5 3. e3 Nf6 4. c4 h6 5. Nc3 c6 6. cxd5 Nxd5 7. Nxd5 Qa5+ 8.
Nc3 b5 9. a3 Na6 10. b4 Qb6 11. Bd3 Bd7 12. Nf3 Nc7 13. O-O Ne6 14. Bg3 Ng5 15.
Ne5 Be6 16. Qd2 g6 17. h4 Nh7 18. Rfc1 Nf6 19. Qe2 h5 20. Nxc6 Bg4 21. f3 Bd7
22. Nd1 Bxc6 23. Rxc6 Qxc6 24. Bxb5 1-0

[Event "5. Nord-West-Cup"]
[Site "?"]
[Date "2003.??.??"]
[Round "4"]
[White "Bruckmann, Thomas"]
[Black "Buntemeyer, Axel"]
[Result "1-0"]
[WhiteElo "1415"]
[BlackElo "1540"]
[PlyCount "85"]

1. Nf3 Nf6 2. g3 c5 3. Bg2 Nc6 4. c3 d5 5. O-O e5 6. d3 Be6 7. Bg5 Qd7 8. Nbd2
Bh3 9. Bxf6 gxf6 10. e4 Bxg2 11. Kxg2 O-O-O 12. Nb3 h5 13. Nh4 c4 14. dxc4 dxc4
15. Qxd7+ Rxd7 16. Nc1 Rd2 17. b3 Rc2 18. bxc4 Rxc3 19. f4 Rxc4 20. fxe5 Nxe5
21. Rxf6 Rc2+ 22. Rf2 Rc4 23. Re2 Rg8 24. Nb3 Ng6 25. Nxg6 Rxg6 26. Rc1 Rxc1
27. Nxc1 h4 28. Rf2 hxg3 29. hxg3 Bd6 30. Rxf7 Rxg3+ 31. Kf2 Rc3 32. Ne2 Bc5+
33. Kf1 Rc2 34. e5 Rxa2 35. e6 b6 36. Nc3 Ra1+ 37. Ke2 a6 38. Nd5 Ra2+ 39. Kd1
Ra1+ 40. Ke2 Ra2+ 41. Kd1 Rf2 42. Rc7+ Kb8 43. Rxc5 1-0

[Event "5. Nord-West-Cup"]
[Site "?"]
[Date "2003.??.??"]
[Round "4"]
[White "Meijer, Johannes"]
[Black "Schermann, Sarah"]
[Result "1-0"]
[WhiteElo "1500"]
[BlackElo "895"]
[PlyCount "37"]

1. d4 d5 2. c4 g6 3. Nf3 Bg7 4. Nc3 dxc4 5. e3 e6 6. Bxc4 Nc6 7. O-O a6 8. d5
Na5 9. dxe6 Qxd1 10. exf7+ Kf8 11. fxg8=Q+ Rxg8 12. Rxd1 Nxc4 13. Rd8+ Kf7 14.
Ng5+ Kf6 15. Rxg8 Nd6 16. Nd5+ Kxg5 17. e4+ Kg4 18. f3+ Kh5 19. Rxg7 1-0

[Event "5. Nord-West-Cup"]
[Site "?"]
[Date "2003.??.??"]
[Round "5"]
[White "Jaracz, Pawel"]
[Black "Hobuss, Udo"]
[Result "1-0"]
[WhiteElo "2546"]
[BlackElo "2394"]
[PlyCount "51"]

1. e4 c5 2. Nf3 Nc6 3. Bb5 g6 4. Bxc6 bxc6 5. O-O Bg7 6. Re1 Nh6 7. c3 O-O 8.
d4 Qb6 9. h3 d6 10. b3 cxd4 11. cxd4 f6 12. Nc3 Nf7 13. Qc2 Bd7 14. Bb2 Rac8
15. e5 fxe5 16. dxe5 Bf5 17. Qe2 Qb4 18. Na4 Rc7 19. Rac1 Qb7 20. exd6 exd6 21.
Bxg7 Kxg7 22. Nd4 Bd7 23. Nc3 Rcc8 24. Qb2 h5 25. Re7 Rfe8 26. Ne4 1-0

[Event "5. Nord-West-Cup"]
[Site "?"]
[Date "2003.??.??"]
[Round "5"]
[White "Baramidze, David"]
[Black "Levin, Felix"]
[Result "1/2-1/2"]
[WhiteElo "2426"]
[BlackElo "2523"]
[PlyCount "50"]

1. e4 e5 2. Nf3 Nf6 3. Nxe5 d6 4. Nf3 Nxe4 5. d4 d5 6. Bd3 Bd6 7. O-O O-O 8.
Re1 Re8 9. Nbd2 Bf5 10. Nf1 Bg6 11. c4 dxc4 12. Bxc4 Nd7 13. Ng3 Nxg3 14. hxg3
c6 15. Rxe8+ Qxe8 16. Bf4 Bxf4 17. gxf4 Nb6 18. Bb3 Qe4 19. Qd2 Nd5 20. Re1
Qxf4 21. Qxf4 Nxf4 22. Re7 Rb8 23. g3 Nd5 24. Bxd5 cxd5 25. Ne5 f6 1/2-1/2

[Event "5. Nord-West-Cup"]
[Site "?"]
[Date "2003.??.??"]
[Round "5"]
[White "Lanka, Zigurds"]
[Black "Jugelt, Tobias"]
[Result "0-1"]
[WhiteElo "2509"]
[BlackElo "2431"]
[PlyCount "80"]

1. e4 Nf6 2. e5 Nd5 3. c4 Nb6 4. d4 d6 5. exd6 exd6 6. h3 Be7 7. Nf3 Bf5 8. Nc3
O-O 9. Be2 Bf6 10. O-O N8d7 11. Be3 Re8 12. Qd2 c6 13. b3 Nf8 14. Nh2 d5 15. c5
Nc8 16. Rac1 Bd7 17. Ng4 Bxg4 18. hxg4 g6 19. g5 Bg7 20. b4 a6 21. Bg4 f5 22.
gxf6 Qxf6 23. Ne2 Ne7 24. Bf4 Qh4 25. Bh3 Nf5 26. Rce1 Ne6 27. Bxf5 gxf5 28.
Be3 Re7 29. Nf4 Rae8 30. g3 Qg4 31. Nxe6 Rxe6 32. Bf4 Re2 33. Rxe2 Qxe2 34. Rd1
Kf7 35. Be3 Qf3 36. Rf1 h5 37. Qd1 Rxe3 38. fxe3 Qxg3+ 39. Kh1 Qh3+ 40. Kg1 Bh6
0-1

[Event "5. Nord-West-Cup"]
[Site "?"]
[Date "2003.??.??"]
[Round "5"]
[White "Thinius, Marco"]
[Black "Fish, Gennadij"]
[Result "1/2-1/2"]
[WhiteElo "2304"]
[BlackElo "2500"]
[PlyCount "94"]

1. e4 c5 2. Nf3 e6 3. d4 cxd4 4. Nxd4 Nf6 5. Nc3 d6 6. Be2 Be7 7. O-O Nc6 8.
Be3 Qc7 9. f4 O-O 10. Kh1 a6 11. a4 Re8 12. Bf3 Rb8 13. g4 Nxd4 14. Bxd4 b6 15.
g5 Nd7 16. Bg2 Bb7 17. Qh5 g6 18. Qh6 Bf8 19. Qh4 e5 20. fxe5 Nxe5 21. Rf4 Bg7
22. Raf1 Re7 23. Qf2 Bc6 24. Rh4 b5 25. axb5 axb5 26. b4 Qd7 27. Rd1 Ra8 28.
Qg3 Ra3 29. Rh3 Re8 30. Qh4 Qg4 31. Qxh7+ Kf8 32. Rg3 Qh5 33. Qxh5 gxh5 34. Ne2
Ra2 35. Rc3 Ng4 36. Rf1 Bxd4 37. Nxd4 Bxe4 38. Bxe4 Rxe4 39. Nf5 Rc4 40. Rxc4
bxc4 41. Nxd6 Rxc2 42. Rxf7+ Kg8 43. Rc7 Ne5 44. Kg1 Nf3+ 45. Kf1 Nxh2+ 46. Ke1
Nf3+ 47. Kf1 Nh2+ 1/2-1/2

[Event "5. Nord-West-Cup"]
[Site "?"]
[Date "2003.??.??"]
[Round "5"]
[White "Schütte, Marc"]
[Black "Karpatchev, Aleksandr"]
[Result "0-1"]
[WhiteElo "2232"]
[BlackElo "2463"]
[PlyCount "48"]

1. e4 c5 2. Nf3 g6 3. c3 d5 4. exd5 Qxd5 5. d4 Bg7 6. dxc5 Qxc5 7. Be3 Qc7 8.
Be2 Nf6 9. Nd4 a6 10. O-O O-O 11. Qc1 e5 12. Nc2 Bg4 13. f3 Bf5 14. Nba3 Nd5
15. Bf2 Nf4 16. Re1 Bd3 17. Bd1 Nc6 18. Kh1 Bf5 19. Be2 Rfe8 20. Be3 b5 21. Nb1
Bxc2 22. Qxc2 Nd4 23. Bxd4 exd4 24. Na3 Rxe2 0-1

[Event "5. Nord-West-Cup"]
[Site "?"]
[Date "2003.??.??"]
[Round "5"]
[White "Meins, Gerlef"]
[Black "Cioara, Andrei Nestor"]
[Result "1/2-1/2"]
[WhiteElo "2436"]
[BlackElo "2396"]
[PlyCount "48"]

1. d4 Nf6 2. c4 e6 3. g3 d5 4. Bg2 Be7 5. Nf3 O-O 6. O-O dxc4 7. Ne5 Nc6 8.
Nxc6 bxc6 9. e3 Nd5 10. Qa4 Nb6 11. Qa5 Bd7 12. Bd2 Bd6 13. Bc3 f5 14. Nd2 Qe7
15. Nf3 Rfb8 16. Ne5 Bxe5 17. Qxe5 Qd6 18. Rfc1 Na4 19. Ba5 Qxe5 20. dxe5 Nxb2
21. Bxc7 Rb5 22. Bd6 Rc8 23. Bf1 c5 24. Bxc4 Nxc4 1/2-1/2

[Event "5. Nord-West-Cup"]
[Site "?"]
[Date "2003.??.??"]
[Round "5"]
[White "Gutman, Lev"]
[Black "Schirm, Friedmar"]
[Result "1-0"]
[WhiteElo "2495"]
[BlackElo "2305"]
[PlyCount "41"]

1. Nf3 Nf6 2. g3 g6 3. Bg2 Bg7 4. O-O O-O 5. d4 d5 6. c4 dxc4 7. Na3 c3 8. bxc3
c5 9. Nc4 Nc6 10. Nce5 Nd5 11. Qd2 Be6 12. Nxc6 bxc6 13. Ne5 cxd4 14. cxd4 c5
15. Ba3 Rc8 16. Rac1 c4 17. Nxc4 Rxc4 18. Rxc4 Ne3 19. Qxe3 Bxc4 20. Bxe7 Bxd4
21. Qe4 1-0

[Event "5. Nord-West-Cup"]
[Site "?"]
[Date "2003.??.??"]
[Round "5"]
[White "Schmidt, Harald"]
[Black "Paust, Wolf-Dieter"]
[Result "1-0"]
[WhiteElo "2339"]
[BlackElo "2107"]
[PlyCount "107"]

1. c4 e5 2. a3 g6 3. d4 Bg7 4. dxe5 Bxe5 5. Nf3 Bg7 6. Bg5 Ne7 7. Qd2 h6 8. Bf4
d5 9. Nc3 Be6 10. Rd1 c6 11. e4 Qa5 12. Nd4 Nd7 13. cxd5 cxd5 14. b4 Qb6 15.
exd5 Nxd5 16. Nxd5 Bxd5 17. Nb5 O-O 18. Qxd5 Nf6 19. Qd6 Rfe8+ 20. Be2 Qxb5 21.
Be3 Qa4 22. O-O Ne4 23. Qd7 Qb3 24. Rd3 Qc2 25. Bd1 Qc8 26. Bb3 Qxd7 27. Rxd7
Rf8 28. Rxb7 a5 29. f3 Nd6 30. Rd7 Nf5 31. Bc5 Rad8 32. Rfd1 Bd4+ 33. R1xd4
Nxd4 34. Bxf7+ Kh7 35. Rb7 Rb8 36. Rxb8 Rxb8 37. Bxd4 axb4 38. axb4 Rxb4 39.
Bc3 Rb7 40. Bd5 Rb1+ 41. Kf2 Rc1 42. Bf6 Rc2+ 43. Kg3 Rd2 44. Be4 Re2 45. h4
Kg8 46. Bc3 g5 47. hxg5 hxg5 48. Bf6 g4 49. Bd5+ Kh7 50. fxg4 Kg6 51. g5 Rd2
52. Be4+ Kh5 53. g6 Rd6 54. g7 1-0

[Event "5. Nord-West-Cup"]
[Site "?"]
[Date "2003.??.??"]
[Round "5"]
[White "Großkopf, Lars"]
[Black "Pajeken, Wolfgang"]
[Result "0-1"]
[WhiteElo "2142"]
[BlackElo "2326"]
[PlyCount "106"]

1. d4 Nf6 2. Bg5 Ne4 3. Bf4 c5 4. f3 Nf6 5. d5 e6 6. c4 exd5 7. cxd5 Nh5 8. Qd2
Nxf4 9. Qxf4 d6 10. e4 Be7 11. Bb5+ Nd7 12. Ne2 O-O 13. Bxd7 Bxd7 14. O-O b5
15. Qe3 Re8 16. Nd2 f5 17. Kh1 Bg5 18. f4 Bf6 19. Rab1 Qe7 20. Ng3 Bh4 21. Rbe1
fxe4 22. Ndxe4 b4 23. Qd2 Qf8 24. f5 Re5 25. Rf4 Qe7 26. Ref1 Bb5 27. f6 Bxf6
28. Nxf6+ gxf6 29. Nf5 Rxf5 30. Rxf5 Bxf1 31. Rxf1 Re8 32. Qh6 Qf8 33. Qh4 Re5
34. h3 f5 35. g4 f4 36. g5 Qf7 37. Rxf4 Qxd5+ 38. Kh2 Re2+ 39. Rf2 Qe5+ 40. Kg1
Rxf2 41. Qxf2 Qxg5+ 42. Kf1 Kg7 43. Qe2 Kf6 44. b3 Qg3 45. Qa6 Qxh3+ 46. Kg1
Qd7 47. Kf2 h5 48. Kg2 h4 49. Kh2 Kg5 50. Qc4 Qf5 51. Qg8+ Kf4 52. Qc4+ Qe4 53.
Qf7+ Ke3 0-1

[Event "5. Nord-West-Cup"]
[Site "?"]
[Date "2003.??.??"]
[Round "5"]
[White "Potthammel, Jörg"]
[Black "Asendorf, Joachim"]
[Result "0-1"]
[WhiteElo "2107"]
[BlackElo "2280"]
[PlyCount "36"]

1. e4 c5 2. Nf3 d6 3. d4 cxd4 4. Nxd4 Nf6 5. Nc3 g6 6. Bc4 Bg7 7. Bb3 O-O 8. f3
Nc6 9. Be3 Bd7 10. g4 Ne5 11. Rg1 Qa5 12. Kf2 Rac8 13. Qe2 e6 14. Rad1 a6 15.
f4 Rxc3 16. bxc3 Nxe4+ 17. Kg2 Nxc3 18. Qd2 Nxg4 0-1

[Event "5. Nord-West-Cup"]
[Site "?"]
[Date "2003.??.??"]
[Round "5"]
[White "Wiege, Andre"]
[Black "Hilmer, Frank"]
[Result "0-1"]
[WhiteElo "1977"]
[BlackElo "2223"]
[PlyCount "38"]

1. e4 e6 2. d4 d5 3. Nc3 Bb4 4. e5 c5 5. f4 cxd4 6. Qxd4 Nc6 7. Bb5 Qa5 8. Bd2
Nge7 9. Nge2 O-O 10. Bxc6 bxc6 11. a3 c5 12. Qf2 d4 13. Ne4 Bxd2+ 14. Nxd2 Ba6
15. Nc1 Nf5 16. Ncb3 Qb6 17. O-O-O Rab8 18. Ne4 c4 19. Nxd4 Qxb2+ 0-1

[Event "5. Nord-West-Cup"]
[Site "?"]
[Date "2003.??.??"]
[Round "5"]
[White "Schneider, Ilja"]
[Black "Jordan, Jürgen"]
[Result "1-0"]
[WhiteElo "2217"]
[BlackElo "2094"]
[PlyCount "55"]

1. e4 c5 2. c3 b6 3. d4 Bb7 4. Bd3 e6 5. Nf3 Nf6 6. e5 Nd5 7. O-O Be7 8. Qe2
cxd4 9. cxd4 Nc6 10. Rd1 f5 11. exf6 Bxf6 12. Nc3 Ncb4 13. Bb1 Nxc3 14. bxc3
Nd5 15. Bd2 Qc7 16. Ne5 Ne7 17. Bd3 Bxe5 18. dxe5 Ng6 19. Bg5 Nxe5 20. Bb5 O-O
21. Be7 Nf3+ 22. gxf3 Bxf3 23. Qe3 Rf5 24. Rxd7 Qc8 25. Qxe6+ Rf7 26. Rd8+ Qxd8
27. Bxd8 Rxd8 28. Be8 1-0

[Event "5. Nord-West-Cup"]
[Site "?"]
[Date "2003.??.??"]
[Round "5"]
[White "Korba, Roman"]
[Black "Krause, Thomas"]
[Result "1/2-1/2"]
[WhiteElo "2096"]
[BlackElo "2186"]
[PlyCount "20"]

1. c4 c5 2. Nc3 b6 3. Nf3 Bb7 4. e3 Nf6 5. Be2 e6 6. O-O Be7 7. b3 O-O 8. Bb2
d5 9. d4 Nbd7 10. Rc1 Rc8 1/2-1/2

[Event "5. Nord-West-Cup"]
[Site "?"]
[Date "2003.??.??"]
[Round "5"]
[White "Thom, Rüdiger"]
[Black "Vasiljevic, Dragan"]
[Result "1-0"]
[WhiteElo "1969"]
[BlackElo "2361"]
[PlyCount "111"]

1. d4 Nf6 2. Bg5 e6 3. Nd2 c5 4. e3 cxd4 5. exd4 Be7 6. Ngf3 b6 7. Bd3 Bb7 8.
O-O d6 9. Re1 O-O 10. c3 Nbd7 11. Qa4 a6 12. Rad1 Re8 13. h3 Nd5 14. Bxe7 Qxe7
15. Qa3 N5f6 16. Re3 b5 17. Re2 Nb6 18. Ne4 Nxe4 19. Bxe4 Bxe4 20. Rxe4 Qc7 21.
Qb3 h6 22. Rde1 Qc6 23. Qd1 Nc4 24. Qc1 Qd7 25. b3 Nb6 26. Rg4 f5 27. Rg3 Kh7
28. Nh4 g5 29. Nf3 Rg8 30. Qe3 Rae8 31. Qe2 Nd5 32. Nd2 Nf4 33. Qf1 Rg7 34. c4
b4 35. Rge3 g4 36. hxg4 Rxg4 37. Rg3 Qg7 38. Rxg4 Qxg4 39. Re3 Rg8 40. g3 Nh3+
41. Kh2 f4 42. Rf3 fxg3+ 43. Rxg3 Qxd4 44. Qb1+ Kh8 45. Rxg8+ Kxg8 46. Qg6+ Kf8
47. Qxh6+ Ke7 48. Kxh3 Qb2 49. Ne4 Qxa2 50. Qf6+ Kd7 51. Qf7+ Kc6 52. Qe8+ Kb6
53. Qd8+ Ka7 54. Qc7+ Ka8 55. Nxd6 Qxb3+ 56. Kg2 1-0

[Event "5. Nord-West-Cup"]
[Site "?"]
[Date "2003.??.??"]
[Round "5"]
[White "Sawatzki, Frank"]
[Black "Lammers, Markus"]
[Result "1-0"]
[WhiteElo "2320"]
[BlackElo "2137"]
[PlyCount "83"]

1. e4 c5 2. Nf3 e6 3. d4 cxd4 4. Nxd4 Nc6 5. Nc3 Qc7 6. Be3 a6 7. Bd3 Nf6 8.
O-O Be7 9. Na4 d5 10. Nxc6 bxc6 11. Nb6 Rb8 12. Nxc8 Qxc8 13. exd5 cxd5 14. Bd4
O-O 15. Re1 Nd7 16. Re3 Bc5 17. Qh5 f5 18. Bxc5 Nxc5 19. b3 g6 20. Qd1 Qc7 21.
Bf1 Ne4 22. c4 Qc5 23. Qc2 d4 24. Rxe4 fxe4 25. Qxe4 e5 26. Re1 Rbe8 27. Bd3
Rf4 28. Qd5+ Qxd5 29. cxd5 a5 30. f3 Rff8 31. Bb5 Rc8 32. Bc6 d3 33. Kf2 a4 34.
b4 Rf4 35. b5 Rb4 36. Ke3 Rb2 37. Kxd3 Rxa2 38. d6 Kf8 39. d7 Rd8 40. Rxe5
Rxd7+ 41. Bxd7 Rxg2 42. b6 1-0

[Event "5. Nord-West-Cup"]
[Site "?"]
[Date "2003.??.??"]
[Round "5"]
[White "Thamm, Oliver"]
[Black "Jaracz, Barbara"]
[Result "0-1"]
[WhiteElo "2123"]
[BlackElo "2292"]
[PlyCount "50"]

1. c4 Nf6 2. d4 g6 3. Nc3 d5 4. cxd5 Nxd5 5. e4 Nxc3 6. bxc3 Bg7 7. Bc4 c5 8.
Ne2 Nc6 9. Be3 O-O 10. O-O Bd7 11. Rb1 Na5 12. Bd5 cxd4 13. cxd4 Rb8 14. Bf4
Ra8 15. Bxb7 Nxb7 16. Rxb7 Bc6 17. Rb4 Bxe4 18. f3 Bc6 19. Re1 Qa5 20. Qb1 Rfd8
21. Rc1 Qa6 22. Qb2 Bd5 23. Nc3 Be6 24. Ra4 Qxa4 25. Nxa4 Bxd4+ 0-1

[Event "5. Nord-West-Cup"]
[Site "?"]
[Date "2003.??.??"]
[Round "5"]
[White "Ljubarskij, Jurij"]
[Black "Wichelmann, Martin"]
[Result "1-0"]
[WhiteElo "2292"]
[BlackElo "2119"]
[PlyCount "29"]

1. e4 c5 2. Nc3 Nc6 3. f4 g6 4. Nf3 Bg7 5. Bc4 d6 6. O-O e6 7. d3 Nge7 8. Qe1
O-O 9. Bb3 Rb8 10. Qh4 d5 11. f5 exf5 12. exd5 Nd4 13. Bg5 Re8 14. Rae1 Nxf3+
15. Rxf3 1-0

[Event "5. Nord-West-Cup"]
[Site "?"]
[Date "2003.??.??"]
[Round "5"]
[White "Topolewski, Dirk"]
[Black "Hilverda, Alexander"]
[Result "1-0"]
[WhiteElo "2278"]
[BlackElo "2083"]
[PlyCount "45"]

1. d4 d5 2. e3 Nf6 3. Nf3 e6 4. Bd3 Be7 5. Nbd2 O-O 6. b3 Nbd7 7. Bb2 c5 8. Ne5
Qc7 9. f4 a6 10. c4 b6 11. O-O Bb7 12. Qc2 g6 13. Ndf3 Rac8 14. Rac1 Qb8 15.
Qe2 Rfd8 16. Ng5 Rf8 17. dxc5 Nxc5 18. Bb1 a5 19. Qe1 h6 20. Qh4 hxg5 21. fxg5
Nh7 22. Nxg6 Bxg5 23. Ne7+ 1-0

[Event "5. Nord-West-Cup"]
[Site "?"]
[Date "2003.??.??"]
[Round "5"]
[White "Heinemann, Ernst"]
[Black "Schmidt, Oliver"]
[Result "0-1"]
[WhiteElo "2263"]
[BlackElo "2073"]
[PlyCount "130"]

1. e4 e5 2. f4 Qh4+ 3. g3 Qe7 4. fxe5 d6 5. Nc3 dxe5 6. Bc4 Nf6 7. d3 Bg4 8.
Qd2 Nc6 9. h3 Be6 10. Bb5 Qd6 11. Nf3 Nd7 12. Qf2 a6 13. Bxc6 Qxc6 14. Ng5 Bc5
15. Be3 Bxe3 16. Qxe3 Nc5 17. O-O-O f6 18. Nxe6 Nxe6 19. Rhf1 Nd4 20. Rf2 Qc5
21. Kb1 c6 22. Rdf1 a5 23. Nd1 Qd6 24. g4 Ne6 25. Qb6 O-O 26. Qe3 a4 27. h4 h6
28. Qc1 b5 29. Ne3 Qd7 30. Nf5 Nd4 31. Rg2 b4 32. Nxd4 Qxd4 33. Qd2 a3 34. c3
bxc3 35. Qxc3 Qxc3 36. bxc3 Rab8+ 37. Kc1 Rf7 38. Rc2 Rfb7 39. Kd2 Rb1 40. Rfc1
R8b2 41. d4 Rxc2+ 42. Rxc2 Rg1 43. d5 Kf7 44. dxc6 Ke7 45. Ke3 Rxg4 46. h5 Kd6
47. Kf3 Rg1 48. c4 Rh1 49. Rg2 Rxh5 50. Rxg7 Kxc6 51. Rg6 Kc5 52. Rxf6 Rh2 53.
Ke3 Kxc4 54. Rc6+ Kb4 55. Kd3 h5 56. Rh6 h4 57. Rh5 h3 58. Rh8 Rh1 59. Rb8+ Kc5
60. Rc8+ Kd6 61. Rc2 h2 62. Kc4 Ke6 63. Kc3 Kf6 64. Rf2+ Kg5 65. Rc2 Kf4 0-1

[Event "5. Nord-West-Cup"]
[Site "?"]
[Date "2003.??.??"]
[Round "5"]
[White "Meyer, Malte"]
[Black "Walter, Stefan"]
[Result "1-0"]
[WhiteElo "2244"]
[BlackElo "2051"]
[PlyCount "137"]

1. e4 e5 2. Nf3 Nc6 3. Bb5 a6 4. Bxc6 dxc6 5. O-O f6 6. d4 Bg4 7. dxe5 Qxd1 8.
Rxd1 fxe5 9. b3 Bd6 10. Bb2 Bxf3 11. gxf3 Ne7 12. Nd2 Ng6 13. Nc4 Ke7 14. Rd3
Rhf8 15. Rad1 Rad8 16. Bc1 h6 17. Kf1 b6 18. Be3 Rf6 19. h4 Rd7 20. f4 exf4 21.
Bxb6 cxb6 22. e5 Nxe5 23. Nxe5 Rc7 24. Nc4 Bc5 25. Ke2 b5 26. Nd2 Ke8 27. Kf3
Be7 28. Ne4 Re6 29. h5 Re5 30. Rh1 Bg5 31. b4 a5 32. bxa5 Ra7 33. Ra3 b4 34.
Ra4 Raxa5 35. Rxb4 Rxa2 36. Rc4 Kd7 37. Rd1+ Rd5 38. Rb1 Kc7 39. Rcb4 Ra7 40.
Rb8 Bd8 41. Kg4 Kd7 42. c4 Rd4 43. Nc5+ Ke7 44. Re1+ Kd6 45. Nb3 Bc7 46. Nxd4
Bxb8 47. Re6+ Kd7 48. Rg6 Ra4 49. Nxc6 Bd6 50. c5 Kxc6 51. cxd6 Rd4 52. Rxg7
Kxd6 53. Rg6+ Ke5 54. Rxh6 Rd2 55. Kf3 Kf5 56. Rg6 Rd3+ 57. Kg2 Rd7 58. Ra6 Kg4
59. h6 f3+ 60. Kh2 Rh7 61. Ra4+ Kg5 62. Kg3 Rf7 63. Rh4 Rh7 64. Rh1 Kg6 65.
Kxf3 Kf5 66. Ra1 Rf7 67. Rh1 Rh7 68. Kg3 Kg5 69. f4+ 1-0

[Event "5. Nord-West-Cup"]
[Site "?"]
[Date "2003.??.??"]
[Round "5"]
[White "Adam, Detlef"]
[Black "Leiber, Bernhard"]
[Result "0-1"]
[WhiteElo "2066"]
[BlackElo "2208"]
[PlyCount "74"]

1. e4 c5 2. c3 d5 3. exd5 Qxd5 4. d4 Nf6 5. Nf3 Bg4 6. Be2 e6 7. O-O Nc6 8. Be3
cxd4 9. Nxd4 Bxe2 10. Qxe2 Be7 11. Nd2 O-O 12. N2f3 Rfd8 13. Rfd1 Nxd4 14. Rxd4
Qa5 15. Qc2 Nd5 16. Bg5 Bxg5 17. Nxg5 Nf6 18. Nf3 Rxd4 19. Nxd4 e5 20. Nb3 Qc7
21. Rd1 Re8 22. Qd3 h6 23. h3 b6 24. Nc1 Qc6 25. Ne2 Qa4 26. Qb1 Qh4 27. Ng3 g6
28. Qd3 Qa4 29. a3 Kg7 30. f3 Re7 31. Qd8 Re8 32. Qd3 Re7 33. Qd8 Re6 34. Rd6
Rxd6 35. Qxd6 Qf4 36. Kf2 h5 37. Ne2 Ne4+ 0-1

[Event "5. Nord-West-Cup"]
[Site "?"]
[Date "2003.??.??"]
[Round "5"]
[White "Mühlenhaus, Sven"]
[Black "Köhne, Arno"]
[Result "1-0"]
[WhiteElo "2193"]
[BlackElo "2030"]
[PlyCount "79"]

1. d4 Nf6 2. Nf3 d5 3. c4 e6 4. Nc3 Nbd7 5. Bg5 Be7 6. e3 c6 7. Rc1 O-O 8. Bd3
dxc4 9. Bxc4 Nd5 10. Bxe7 Qxe7 11. O-O Nxc3 12. Rxc3 e5 13. Qc2 e4 14. Nd2 Nf6
15. Rb1 Bf5 16. b4 Rac8 17. b5 Kh8 18. a4 Bd7 19. Qb3 cxb5 20. axb5 b6 21. Qa3
Qxa3 22. Rxa3 Rc7 23. Rba1 Rfc8 24. Rxa7 Ne8 25. Rxc7 Nxc7 26. Nxe4 Ne8 27.
Bxf7 Bxb5 28. Bxe8 Bxe8 29. Nd6 Rb8 30. Nxe8 Rxe8 31. Kf1 Kg8 32. Ra7 Rb8 33.
Ke2 b5 34. Kd2 b4 35. Kc2 Rc8+ 36. Kb2 Rb8 37. Kb3 Rc8 38. Ra2 Rb8 39. Ra4 Rf8
40. f3 1-0

[Event "5. Nord-West-Cup"]
[Site "?"]
[Date "2003.??.??"]
[Round "5"]
[White "Park, Heiko"]
[Black "Schebitz, Stephan"]
[Result "0-1"]
[WhiteElo "2034"]
[BlackElo "2180"]
[PlyCount "38"]

1. f4 d5 2. Nf3 c5 3. e3 Nc6 4. Bb5 Nf6 5. b3 Bg4 6. Bb2 e6 7. Nc3 Be7 8. O-O
O-O 9. Bxc6 bxc6 10. Qe1 Bxf3 11. gxf3 d4 12. Ne4 Nd5 13. c4 Nb4 14. Qe2 f5 15.
a3 Nc2 16. Rac1 fxe4 17. Rxc2 d3 18. Qg2 Bf6 19. Bxf6 Rxf6 0-1

[Event "5. Nord-West-Cup"]
[Site "?"]
[Date "2003.??.??"]
[Round "5"]
[White "Zeuner, Michael"]
[Black "Boss, Igor"]
[Result "1-0"]
[WhiteElo "2165"]
[BlackElo "1806"]
[PlyCount "57"]

1. e4 c5 2. Nf3 e6 3. Nc3 Nc6 4. g3 d6 5. Bg2 g6 6. d4 cxd4 7. Nxd4 Nge7 8.
Ndb5 Ng8 9. Bf4 e5 10. Nd5 Be6 11. Nbc7+ Kd7 12. Nxa8 exf4 13. Nac7 fxg3 14.
hxg3 Nf6 15. c3 Bg7 16. Qa4 Ne8 17. Nxe8 Qxe8 18. O-O-O Kc8 19. Nf4 Qe7 20.
Nxe6 fxe6 21. e5 d5 22. f4 Qc5 23. Rd3 Kd7 24. Rhd1 Ke7 25. Bxd5 exd5 26. Rxd5
Qe3+ 27. Kb1 Ke6 28. g4 Bf8 29. Qc4 1-0

[Event "5. Nord-West-Cup"]
[Site "?"]
[Date "2003.??.??"]
[Round "5"]
[White "Segelken, Peter"]
[Black "Wiertzema, Michael"]
[Result "0-1"]
[WhiteElo "2009"]
[BlackElo "2149"]
[PlyCount "66"]

1. d4 Nf6 2. Nc3 d5 3. Bg5 Nbd7 4. e3 g6 5. Bd3 Bg7 6. Nge2 c6 7. f3 e5 8. O-O
h6 9. Bh4 O-O 10. e4 dxe4 11. Nxe4 Qb6 12. Bf2 Qxb2 13. Qd2 exd4 14. Rab1 Qa3
15. Rb3 Qe7 16. Nxd4 Nxe4 17. Bxe4 Nc5 18. Qb4 Re8 19. Nxc6 bxc6 20. Bxc5 Qe6
21. Re3 Ba6 22. Rfe1 Qxa2 23. Bd5 Qxd5 24. Rxe8+ Rxe8 25. Rxe8+ Kh7 26. Kf2 Qd1
27. Qe4 Qd2+ 28. Kg3 Qg5+ 29. Kf2 Qxc5+ 30. Kg3 Bc4 31. h4 Be6 32. f4 h5 33.
Qe2 a5 0-1